00948nam a2200229 i 450000100060000000300090000600500170001500700030003200800410003502000180007604000220009408000380011610000480015424501030020226001120030530000430041750400320046060000540049285200330054699900170057995201220059654694ES-MaACL20240116184026.0t|040112s2002 sp ||||0| spa d a84-922159-9-2 aM-BN bspa cM-BN a929 Jovellanos, Gaspar Melchor de1 aAlvarez-Valdés y Valdés, Manuel.92098810aJovellanos, enigmas y certezas / cManuel Alvarez-Valdés y Valdés ; prólogo de Gonzalo Anes. aGijón : bFundación Alvargonzález : bFundación Foro Jovellanos del Principado de Asturias, c2002. aVII, 585 p : bil. col. y n ; c24 cm. aBibliografía: p. 545-564.10aJovellanos, Gaspar Melchor de,d1744-18119222580 aES-MaACLjL-26765 bR.132362 c54694d54694 00104070aATENEOMbATENEOMcDEPO2d2008-01-17eSCl0oL-26765p1057473r2023-02-23 00:00:00w2023-02-23yMONOGRAFIA